Economía campesina y capitalismo dependiente /

Obra que reúne las ponencias presentadas en el Seminario sobre Investigación Regional en Ciencias Sociales, celebrado del 12 al 16 de diciembre de 1975 en San Cristóbal de las Casas, Chiapas, la cual fue organizada por el Centro de Investigaciones Ecológicas del Sureste, la Universidad de Chiapas y...

Olles dieđut

Furkejuvvon:
Bibliográfalaš dieđut
Searvvušdahkki: Seminario sobre Investigación Regional en Ciencias Sociales ( San Cristóbal de las Casas, Chiapas)
Materiálatiipa: Konfereansapublikašuvdna Girji
Giella:espánnjágiella
Almmustuhtton: México : UNAM, 1978, c1978
Fáttát:
Fáddágilkorat: Lasit fáddágilkoriid
Eai fáddágilkorat, Lasit vuosttaš fáddágilkora!

MARC

LEADER 00000nam^a2200000^a^4500
001 000326001
005 20250521000000.0
009 20260310113753.594
037 |a Acervo Xavier Clavigero 
041 |a ESP 
082 |a 330. 972  |b SER 1975 
111 |a Seminario sobre Investigación Regional en Ciencias Sociales (  |n 1° :  |d 1975 :  |c San Cristóbal de las Casas, Chiapas) 
245 1 0 |a Economía campesina y capitalismo dependiente /  |c Seminario sobre Investigación Regional en Ciencias Sociales ; presen. de Fernando Baltrán H., Luis Fernández O. 
264 4 |a México :  |b UNAM,  |c 1978, c1978 
300 |a 256 p. 
336 |a texto  |b txt  |2 rdacontenido 
337 |a sin mediación  |b n  |2 rdamedio 
338 |a volumen  |b nc  |2 rdasoporte 
520 |a Obra que reúne las ponencias presentadas en el Seminario sobre Investigación Regional en Ciencias Sociales, celebrado del 12 al 16 de diciembre de 1975 en San Cristóbal de las Casas, Chiapas, la cual fue organizada por el Centro de Investigaciones Ecológicas del Sureste, la Universidad de Chiapas y la UNAM. Allí se plantearon diversos modelos teóricos acompañados de estudios de casos para interpretar la realidad socioeconómica ligada al sector agropecuario mexicano en un contexto de capitalismo dependiente, con énfasis en la situación chiapaneca. 
649 |a XX 
650 |a Desarrollo Regional -  |z México -  |x Congresos -  |x Tema Principal 
650 |a Indígenas de México -  |z Chiapas -  |x Condiciones Sociales y Culturales 
650 |a Indígenas de México -  |z Chiapas -  |x Condiciones Económicas 
650 |a Identidad Cultural -  |z Chiapas 
650 |a Identidad Cultural -  |z México 
650 |a Clases Sociales -  |z Chiapas 
650 |a Clases Sociales -  |z México 
650 |a Agricultura -  |z Chiapas -  |x Aspectos Económicos 
650 |a Agricultura -  |z México -  |x Aspectos Económicos -  |x Tema Principal 
650 |a Distribución del Ingreso -  |z México 
650 |a Empleo y Desempleo -  |z México 
650 |a Capitalismo -  |z México 
650 |a Dependencia Económica -  |z México 
650 |a Política Agraria -  |z México 
650 |a Política Económica -  |z México 
650 |a Desarrollo Económico-Social -  |z México 
650 |a Economía de la Tierra -  |z México 
650 |a Economía -  |z Chiapas -  |x Historia -  |y 1946-2000 
650 |a Economía -  |z México -  |x Historia -  |y 1946-2000 
650 |a Economía -  |z Chiapas -  |x Historia -  |y Siglo XX 
650 |a Economía -  |z México -  |x Historia -  |y Siglo XX 
650 |a Chiapas -  |x Condiciones Económicas 
650 |a México -  |x Condiciones Económicas 
910 |a Fondo General 
920 |a Impresos - Libros 
930 |a Colección General 
905 |a 101 
901 |a 0500214574  |b IT1  |c ACC  |u 20250521 
902 |a https://opac.biblio.iteso.mx/vufind/Record/000326001